Statistics for Plants vs Zombies Quiz 2

Click here to take the quiz!

General Stats

  • This quiz has been taken 1,069 times
  • The average score is 8 of 10

Answer Stats

HintAnswer% Correct
How much does the Peashooter cost?100
97%
How much does the cherry-bomb cost?150
96%
What plant gives sun?Sunflower
94%
What plant makes zombies move to another lane?Garlic
80%
What plant doubles the power of a pea as it passes through it, yet makes the ice peas less effective?Torchwood
74%
What zombie can go underground and attack your plants from behind?Digger zombie
73%
What do have to plant on in the roof level?Flower Pot
71%
What is the name of the boss zombie at the last level?Zomboss
68%
What minigame has the zombie heads replaced with plant heads?Zombotany
68%
What plant cannot be eaten, and attacks from the bottom?Spikeweed
61%

Score Distribution

Percentile by Number Answered

Percent of People with Each Score

Your Score History

You have not taken this quiz